00520nam a2200193 a 4500001001300000003000900013005001700022008004100039020001000080082002300090100002100113245005600134260003300190300000900223500003500232505001000267650002800277700002100305nice12345678IN_TiNIC20260116012911.0050524s1984 dela grp 000 0 eng  ac15000a305.629705487bKHA aKhan, Mumtaz Ali aMuslims in the Proces of Rural Development in India aDelhibUppal Pub.Housec1984 a287p aincludes index and biblioraphy2 aIndex aMuslims-India-Karnataka1 aKhan, Mumtaz Ali